| 000 | 00654nam a22002057a 4500 | ||
|---|---|---|---|
| 999 |
_c194135 _d194135 |
||
| 005 | 20221208113602.0 | ||
| 010 | _aENG-135786 | ||
| 020 |
_a9788181713346 _c900.00 |
||
| 035 | _aEN-119318 | ||
| 037 | _bDBAD/PUB | ||
| 082 | _a591.680954 | ||
| 245 |
_aEndemic Animals of India (Vertebrates)/ _cEd by K. Venkataraman, A. Vhattopadhyay and K.A. Subramanian |
||
| 260 |
_aKolkata _bZoological Survey of India _c2013 |
||
| 270 |
_aM-Block, New Alipore _bKolkata _e700071 |
||
| 300 |
_a238p. _c28cm(hb) |
||
| 700 | _aVenkataraman, K. | ||
| 700 | _aChattopadhyay, A. | ||
| 700 | _aSubramanian, K.A. | ||
| 942 |
_2ddc _cEN _mEND _h591.680954 |
||